<?xml version="1.0" encoding="UTF-8"?>
<marc:record xmlns:marc="http://www.loc.gov/MARC21/slim">
   <marc:leader>00000nam a2200000 a 4500</marc:leader>
   <marc:datafield ind1="1" ind2=" " tag="100">
      <marc:subfield code="a">Jackson, Tom</marc:subfield>
      <marc:subfield code="4">aut</marc:subfield>
      <marc:subfield code="e">Verfasser/-in</marc:subfield>
   </marc:datafield>
   <marc:datafield ind1="0" ind2="0" tag="245">
      <marc:subfield code="a">Naturwissenschaften</marc:subfield>
   </marc:datafield>
   <marc:datafield ind1="0" ind2="0" tag="245">
      <marc:subfield code="b">Kräfte, Zellen, Elemente</marc:subfield>
   </marc:datafield>
   <marc:datafield ind1="0" ind2="0" tag="245">
      <marc:subfield code="c">Jackson, Tom</marc:subfield>
   </marc:datafield>
   <marc:datafield ind1=" " ind2="1" tag="264">
      <marc:subfield code="a">München</marc:subfield>
      <marc:subfield code="b">DK</marc:subfield>
      <marc:subfield code="c">2018</marc:subfield>
   </marc:datafield>
   <marc:datafield ind1="1" ind2=" " tag="490">
      <marc:subfield code="a">memo Wissen entdecken</marc:subfield>
   </marc:datafield>
   <marc:datafield ind1="1" ind2=" " tag="520">
      <marc:subfield code="a">Wer möchte die Geheimnisse des Universums verstehen? Dieses tolle Sachbuch über Naturwissenschaften erklärt, wie Wissenschaftler Weltbewegendes herausfanden und welche Erkenntnisse über Licht, Schall, Strom oder über unsere DNA das Leben veränderten. Die beliebte Kindersachbuchreihe memo Wissen entdecken verpackt faszinierendes Wissen für Kinder in kurze, lesefreundliche Texte und viele detailreiche Bilder. Jetzt sogar im frischen, neuen Layout und mit einem illustrierten Chamäleon-Charakter, der durchs Buch begleitet und beeindruckende Details erklärt oder kommentiert. Dazu gibt's ein beidseitig bedrucktes Poster zum Aufhängen im Kinderzimmer - mit einem spektakulären Foto auf der einen und einer informativen Grafik auf der anderen Seite.</marc:subfield>
   </marc:datafield>
   <marc:datafield ind1=" " ind2=" " tag="020">
      <marc:subfield code="a">9783831034000</marc:subfield>
      <marc:subfield code="9">9783831034000</marc:subfield>
   </marc:datafield>
   <marc:datafield ind1=" " ind2=" " tag="020">
      <marc:subfield code="a">3831034001</marc:subfield>
      <marc:subfield code="9">3831034001</marc:subfield>
   </marc:datafield>
   <marc:datafield ind1=" " ind2=" " tag="041">
      <marc:subfield code="a">ger</marc:subfield>
   </marc:datafield>
   <marc:datafield ind1=" " ind2=" " tag="338">
      <marc:subfield code="a">Band</marc:subfield>
   </marc:datafield>
   <marc:datafield ind1=" " ind2=" " tag="300">
      <marc:subfield code="a">72 Seiten</marc:subfield>
   </marc:datafield>
</marc:record>
